| 000 | 00526nam a22001457a 4500 | ||
|---|---|---|---|
| 005 | 20260422094832.0 | ||
| 008 | 260422b |||||||| |||| 00| 0 eng d | ||
| 050 |
_aRES HF 5548.32 .M45 2017 _bC. 1 |
||
| 100 | _aMEKENYE BENARD ABUYA | ||
| 245 |
_aAN ASSESSMENT OF THE ROLES OF ELECTRONIC PROCUREMENT PERFORMANCE IN BUSINESS IN TEA MANUFACTURING COMPANIES IN KENYA _bA CASE STUDY OF NYANKOBA TEA FACTORY IN KEROKA |
||
| 260 |
_aKISII _bKSU _c2017 |
||
| 300 | _aX, 30P,ILL. | ||
| 500 | _aINCLUDES REFERENCES | ||
| 942 |
_2lcc _cREF |
||
| 999 |
_c217044 _d217044 |
||